[Event "3ème Open de l'Ouest Toulosain "]
[Site "Colomiers 2008"]
[Date "2008.02.25"]
[Round "1.1"]
[White "Batteau, Valerie"]
[Black "Miladinovic, Igor"]
[Result "0-1"]
[WhiteElo "1930"]
[BlackElo "2604"]
[PlyCount "86"]
[EventDate "2008.02.??"]
[EventType "swiss"]
[EventRounds "9"]
[EventCountry "FRA"]

1. e4 c5 2. c3 d5 3. exd5 Qxd5 4. d4 e5 5. Nf3 Nc6 6. Be3 cxd4 7. cxd4 Bb4+ 8.
Nc3 Bg4 9. Be2 exd4 10. O-O Bxc3 11. bxc3 Nf6 12. Bxd4 Qd6 13. Qa4 Bd7 14. Rfe1
O-O 15. Be3 Rfe8 16. Rad1 Qc7 17. Qh4 Re4 18. Qg5 Rae8 19. Bd3 h6 20. Qc5 b6
21. Qa3 R4e7 22. Qc1 Bg4 23. Be2 Bxf3 24. Bxf3 Ne5 25. Be2 Neg4 26. Bf4 Qc5 27.
Bxg4 Nxg4 28. Bg3 Re2 29. Rxe2 Rxe2 30. Rd2 Qg5 31. f4 Qc5+ 32. Kh1 Re3 33. Qc2
f5 34. Rd8+ Kh7 35. Rd3 Qc4 36. Rd1 Qe6 37. Qb1 Rxc3 38. Re1 Qf7 39. Rc1 Rxg3
40. hxg3 Qh5+ 41. Kg1 Qh2+ 42. Kf1 Qh1+ 43. Ke2 Qxg2+ 0-1

[Event "3ème Open de l'Ouest Toulosain "]
[Site "Colomiers 2008"]
[Date "2008.02.25"]
[Round "1.2"]
[White "Arutinian, David"]
[Black "Cabanes, Kim"]
[Result "1-0"]
[WhiteElo "2576"]
[BlackElo "1918"]
[PlyCount "97"]
[EventDate "2008.02.??"]
[EventType "swiss"]
[EventRounds "9"]
[EventCountry "FRA"]

1. d4 d5 2. c4 c6 3. Nf3 Nf6 4. Qb3 e6 5. Bg5 Be7 6. e3 O-O 7. Nc3 Nbd7 8. Rd1
Qb6 9. Qc2 Re8 10. Bd3 h6 11. Bh4 Qc7 12. O-O b6 13. Rc1 Qd8 14. cxd5 cxd5 15.
Nb5 Rf8 16. Bg3 Ba6 17. Qa4 Bxb5 18. Qxb5 a6 19. Qc6 b5 20. a4 bxa4 21. Qxa4
Nb6 22. Qb3 Bd6 23. Ne5 Nc8 24. Rc6 a5 25. Rfc1 Nh5 26. Ba6 Nxg3 27. hxg3 Ne7
28. Bb7 Rb8 29. Rb6 Bb4 30. Rb5 Qe8 31. Qd3 f6 32. Bc6 Nxc6 33. Nxc6 Rc8 34.
Rb6 Rf7 35. Rc2 Rfc7 36. Nxb4 axb4 37. Rxc7 Rxc7 38. Qd2 Ra7 39. Qe1 Qa8 40.
Qxb4 Ra1+ 41. Kh2 Kh7 42. Qb5 e5 43. Qd7 Ra7 44. Qf5+ Kg8 45. dxe5 fxe5 46.
Qxe5 Kh7 47. Rb8 Qc6 48. Qf5+ g6 49. Qf8 1-0

[Event "3ème Open de l'Ouest Toulosain "]
[Site "Colomiers 2008"]
[Date "2008.02.25"]
[Round "1.3"]
[White "Palomar, Felix"]
[Black "Barsov, Alexei"]
[Result "0-1"]
[WhiteElo "1913"]
[BlackElo "2521"]
[PlyCount "60"]
[EventDate "2008.02.??"]
[EventType "swiss"]
[EventRounds "9"]
[EventCountry "FRA"]

1. d4 d5 2. c4 e6 3. Nc3 Bb4 4. e3 Nf6 5. Bd3 O-O 6. a3 Bxc3+ 7. bxc3 dxc4 8.
Bxc4 c5 9. Ne2 Nc6 10. O-O e5 11. d5 Na5 12. Ba2 c4 13. Qa4 Qxd5 14. Rd1 Qc5
15. Rb1 b6 16. Ng3 Bb7 17. Qc2 Rfd8 18. Bb2 g6 19. e4 h5 20. h4 Ng4 21. Qe2 Rd3
22. Rxd3 cxd3 23. Qf3 Nc4 24. Bxc4 Qxc4 25. Rd1 Rd8 26. Bc1 Qxc3 27. Bg5 f6 28.
Be3 Qxa3 29. Nf1 Qa4 30. Nh2 Bxe4 0-1

[Event "3ème Open de l'Ouest Toulosain "]
[Site "Colomiers 2008"]
[Date "2008.02.25"]
[Round "1.4"]
[White "Abbasov, Farid"]
[Black "Boulogne, Laurent"]
[Result "1-0"]
[WhiteElo "2519"]
[BlackElo "1910"]
[PlyCount "51"]
[EventDate "2008.02.??"]
[EventType "swiss"]
[EventRounds "9"]
[EventCountry "FRA"]

1. d4 Nf6 2. c4 e6 3. Nf3 b6 4. Nc3 Bb4 5. Bg5 Bb7 6. Nd2 c5 7. d5 Bxc3 8. bxc3
exd5 9. cxd5 Bxd5 10. e4 Qe7 11. Bd3 Bb7 12. O-O h6 13. Bh4 d6 14. Nc4 Nc6 15.
Ne3 g5 16. Nf5 Qf8 17. Bg3 O-O-O 18. Qa4 h5 19. Ba6 Kc7 20. Nxd6 Rxd6 21. e5
Bxa6 22. Qxa6 Rd5 23. exf6+ Ne5 24. c4 h4 25. Qxa7+ Kc6 26. cxd5+ 1-0

[Event "3ème Open de l'Ouest Toulosain "]
[Site "Colomiers 2008"]
[Date "2008.02.25"]
[Round "1.5"]
[White "Doucet, Romain"]
[Black "Abergel, Thal"]
[Result "0-1"]
[WhiteElo "1900"]
[BlackElo "2517"]
[PlyCount "64"]
[EventDate "2008.02.??"]
[EventType "swiss"]
[EventRounds "9"]
[EventCountry "FRA"]

1. d4 Nf6 2. c4 e6 3. Nc3 Bb4 4. a3 Bxc3+ 5. bxc3 b6 6. Bg5 d5 7. cxd5 Qxd5 8.
Bxf6 gxf6 9. Nf3 Ba6 10. Qc2 Qa5 11. g3 Nd7 12. e4 c5 13. d5 exd5 14. exd5
O-O-O 15. Bxa6+ Qxa6 16. c4 Rde8+ 17. Kf1 h5 18. Kg2 h4 19. Nxh4 Rxh4 20. gxh4
Rg8+ 21. Kh3 Ne5 22. Rhg1 Ng6 23. Rg4 Kb8 24. Rag1 Qc8 25. f3 Rh8 26. Kg3 f5
27. Rg5 Qc7+ 28. Kf2 Qxh2+ 29. R1g2 Qxh4+ 30. Kf1 Qh1+ 31. Kf2 Re8 32. Rg1 Qh4+
0-1

[Event "3ème Open de l'Ouest Toulosain "]
[Site "Colomiers 2008"]
[Date "2008.02.25"]
[Round "1.6"]
[White "Mateo, Ramon"]
[Black "Kirk, Eden"]
[Result "1-0"]
[WhiteElo "2484"]
[BlackElo "1899"]
[PlyCount "53"]
[EventDate "2008.02.??"]
[EventType "swiss"]
[EventRounds "9"]
[EventCountry "FRA"]

1. c4 g6 2. g3 Bg7 3. Bg2 c5 4. Nc3 Nc6 5. e3 d6 6. Nge2 Nf6 7. d4 Bd7 8. O-O
O-O 9. b3 Rb8 10. Bb2 a6 11. Qd2 Qc7 12. Rac1 Rfc8 13. Rfd1 Qa5 14. Nf4 Na7 15.
a3 Bc6 16. Bh3 Bf3 17. Bxc8 Bxd1 18. Rxd1 Rxc8 19. dxc5 Qxc5 20. Ncd5 Nxd5 21.
Nxd5 Nc6 22. b4 Qa7 23. b5 e6 24. Nf6+ Bxf6 25. Bxf6 Ne5 26. Qxd6 Nxc4 27. Qd8+
1-0

[Event "3ème Open de l'Ouest Toulosain "]
[Site "Colomiers 2008"]
[Date "2008.02.25"]
[Round "1.7"]
[White "Domenech, Vianney"]
[Black "Fomichenko, Eduard"]
[Result "0-1"]
[WhiteElo "1897"]
[BlackElo "2476"]
[PlyCount "64"]
[EventDate "2008.02.??"]
[EventType "swiss"]
[EventRounds "9"]
[EventCountry "FRA"]

1. d4 d5 2. c3 Nf6 3. Bg5 Ne4 4. Bf4 e6 5. Nd2 Nxd2 6. Qxd2 c5 7. e3 Be7 8. Bd3
Nd7 9. Nf3 Nf6 10. Ne5 a6 11. Qe2 Bd7 12. O-O O-O 13. h4 Be8 14. h5 Nd7 15. Qg4
f5 16. Qh3 Nxe5 17. Bxe5 Bf6 18. f4 Bxe5 19. fxe5 Qg5 20. Be2 cxd4 21. exd4 Qd2
22. Qf3 Rc8 23. Rab1 Rc7 24. Rf2 Qg5 25. Rbf1 a5 26. Kh2 b5 27. g4 Rcf7 28. Kg3
fxg4 29. Qxg4 Qe3+ 30. Bf3 Rf5 31. Re2 Qh6 32. Qh3 Bxh5 0-1

[Event "3ème Open de l'Ouest Toulosain "]
[Site "Colomiers 2008"]
[Date "2008.02.25"]
[Round "1.8"]
[White "Babaev, Rashad"]
[Black "Muratet, Lucas"]
[Result "1-0"]
[WhiteElo "2468"]
[BlackElo "1882"]
[PlyCount "55"]
[EventDate "2008.02.??"]
[EventType "swiss"]
[EventRounds "9"]
[EventCountry "FRA"]

1. e4 c5 2. Nf3 d6 3. d4 cxd4 4. Nxd4 Nf6 5. Nc3 a6 6. Be2 e6 7. a4 Be7 8. O-O
Nc6 9. Kh1 O-O 10. f4 Qc7 11. Be3 Re8 12. Bf3 Rb8 13. Qd2 Bd7 14. Nb3 Na5 15.
Nxa5 Qxa5 16. e5 dxe5 17. fxe5 Qxe5 18. Bf4 Qc5 19. Bxb8 Rxb8 20. Ne4 Nxe4 21.
Bxe4 Rd8 22. Rad1 f5 23. Bxb7 Bc6 24. Qe2 Rxd1 25. Qxe6+ Kf8 26. Qc8+ Kf7 27.
Rxd1 Qxc2 28. Rg1 1-0

[Event "3ème Open de l'Ouest Toulosain "]
[Site "Colomiers 2008"]
[Date "2008.02.25"]
[Round "1.9"]
[White "Blesing, Rene"]
[Black "Libiszewski, Fabien"]
[Result "0-1"]
[WhiteElo "1880"]
[BlackElo "2468"]
[PlyCount "106"]
[EventDate "2008.02.??"]
[EventType "swiss"]
[EventRounds "9"]
[EventCountry "FRA"]

1. e4 c5 2. Nf3 Nc6 3. Nc3 g6 4. Bb5 Bg7 5. O-O d6 6. d4 cxd4 7. Nxd4 Bd7 8.
Nxc6 bxc6 9. Bc4 Nf6 10. Bg5 Rb8 11. Bb3 O-O 12. Qd2 Qc7 13. Rad1 Be6 14. Rfe1
Ng4 15. h3 Ne5 16. Qe2 c5 17. f4 c4 18. fxe5 Bxe5 19. Nd5 Bxd5 20. exd5 cxb3
21. axb3 Rfc8 22. Qa6 Rb6 23. Qa5 Qb7 24. Re2 Rb5 25. Qe1 Rcc5 26. Qh4 Rxd5 27.
Rde1 Bd4+ 28. Be3 Bxe3+ 29. Rxe3 Rd2 30. R3e2 Qb6+ 31. Kh1 Rxe2 32. Rxe2 e6 33.
Rf2 Re5 34. Qf6 Re1+ 35. Kh2 Qc7 36. Qf4 Re5 37. g4 Rc5 38. c3 d5 39. c4 dxc4
40. Qxc7 Rxc7 41. Rc2 Kg7 42. Kg3 f5 43. Kf4 fxg4 44. hxg4 Rf7+ 45. Ke5 cxb3
46. Rc3 Rb7 47. Kxe6 h5 48. g5 Rb6+ 49. Ke5 Rb5+ 50. Kf4 Rf5+ 51. Ke4 Rxg5 52.
Rxb3 Rf5 53. Ra3 Rf7 0-1

[Event "3ème Open de l'Ouest Toulosain "]
[Site "Colomiers 2008"]
[Date "2008.02.25"]
[Round "1.10"]
[White "Kasparov, Sergey"]
[Black "Ouerk, Yanis"]
[Result "1-0"]
[WhiteElo "2458"]
[BlackElo "1875"]
[PlyCount "71"]
[EventDate "2008.02.??"]
[EventType "swiss"]
[EventRounds "9"]
[EventCountry "FRA"]

1. e4 c5 2. Nf3 Nc6 3. Bb5 e6 4. Bxc6 bxc6 5. O-O d5 6. d3 Ne7 7. b3 Ng6 8. Nc3
Be7 9. Ba3 Ba6 10. Re1 O-O 11. Na4 c4 12. Bxe7 Qxe7 13. dxc4 dxc4 14. Qd4 cxb3
15. axb3 e5 16. Qc5 Qc7 17. Nb2 Qb6 18. Ra5 f6 19. Rea1 Qxc5 20. Rxc5 Be2 21.
Ne1 Bg4 22. f3 Bd7 23. Rca5 Rfd8 24. Ned3 Be6 25. g3 Rac8 26. Nc5 Nf8 27. Nbd3
Bf7 28. Kf2 Ne6 29. Nxe6 Bxe6 30. Ke3 Rd6 31. Nc5 Bf7 32. Rxa7 g5 33. Re7 Rb8
34. Raa7 Bg6 35. h4 gxh4 36. gxh4 1-0

[Event "3ème Open de l'Ouest Toulosain "]
[Site "Colomiers 2008"]
[Date "2008.02.26"]
[Round "2.1"]
[White "Miladinovic, Igor"]
[Black "Genestous, Patrick"]
[Result "1-0"]
[WhiteElo "2604"]
[BlackElo "2175"]
[PlyCount "93"]
[EventDate "2008.02.??"]
[EventType "swiss"]
[EventRounds "9"]
[EventCountry "FRA"]

1. d4 d5 2. c4 e6 3. Nc3 c6 4. cxd5 exd5 5. Nf3 Bd6 6. g3 Ne7 7. Bg2 Ng6 8. Qc2
Na6 9. a3 Be6 10. Ng5 Nc7 11. f4 f5 12. Qb3 Qc8 13. Bd2 O-O 14. Rc1 Rb8 15. O-O
h6 16. Nf3 c5 17. Ne5 c4 18. Qc2 Ne7 19. e3 b5 20. Na2 Qa6 21. Bf3 Qb6 22. Kh1
a5 23. b4 axb4 24. Bxb4 Ra8 25. Qb2 Ra7 26. Rg1 Rfa8 27. Rc3 Ra4 28. Bd1 R4a6
29. g4 Ne8 30. g5 hxg5 31. Rxg5 Nc6 32. Rg6 Nxe5 33. Rxe6 Nf7 34. Qg2 Qb7 35.
Bf3 Nc7 36. Rg6 Bf8 37. Rg3 g5 38. Rc1 Rxa3 39. Bxa3 Rxa3 40. Nc3 Rxc3 41. Rxc3
Qa8 42. Rc1 c3 43. Qc2 b4 44. Qxf5 Be7 45. Bh5 Nh8 46. Rcg1 Ne8 47. Bxe8 1-0

[Event "3ème Open de l'Ouest Toulosain "]
[Site "Colomiers 2008"]
[Date "2008.02.26"]
[Round "2.2"]
[White "Sanchez, Nicolas"]
[Black "Arutinian, David"]
[Result "0-1"]
[WhiteElo "2216"]
[BlackElo "2576"]
[PlyCount "108"]
[EventDate "2008.02.??"]
[EventType "swiss"]
[EventRounds "9"]
[EventCountry "FRA"]

1. d4 Nf6 2. Nf3 e6 3. c4 d5 4. Nc3 Bb4 5. cxd5 exd5 6. Bg5 h6 7. Bxf6 Qxf6 8.
Qa4+ Nc6 9. Ne5 O-O 10. Nxc6 Bxc3+ 11. bxc3 Bd7 12. e3 Bxc6 13. Bb5 Bxb5 14.
Qxb5 Qd6 15. O-O b6 16. c4 c6 17. Qb3 dxc4 18. Qxc4 Rfc8 19. Rfd1 Rc7 20. Rac1
Rac8 21. e4 c5 22. d5 Re7 23. Re1 Rce8 24. Rcd1 f5 25. f3 Kh8 26. a4 Re5 27.
Re2 fxe4 28. Rxe4 Rd8 29. Rxe5 Qxe5 30. h3 Qd6 31. Qe4 Kg8 32. h4 Kf7 33. h5
Qf6 34. Qc4 Kf8 35. Qa6 Qe7 36. Qd3 Qd6 37. Qa6 Qc7 38. Qc4 Qe5 39. Qd3 Qxh5
40. d6 Qe5 41. Qg6 Qf6 42. Qg4 Qg5 43. Qh3 c4 44. Qe6 Qc5+ 45. Kf1 Re8 46. Qg6
c3 47. d7 Qc4+ 48. Kg1 Rd8 49. Qd6+ Kg8 50. Rd5 c2 51. Qe6+ Kh7 52. Qf5+ Kh8
53. Re5 c1=Q+ 54. Kh2 Qh4+ 0-1

[Event "3ème Open de l'Ouest Toulosain "]
[Site "Colomiers 2008"]
[Date "2008.02.26"]
[Round "2.4"]
[White "Kasparova, Tatiana"]
[Black "Abbasov, Farid"]
[Result "0-1"]
[WhiteElo "2172"]
[BlackElo "2519"]
[PlyCount "72"]
[EventDate "2008.02.??"]
[EventType "swiss"]
[EventRounds "9"]
[EventCountry "FRA"]

1. e4 c5 2. Nf3 a6 3. c4 e6 4. Nc3 d6 5. d4 cxd4 6. Nxd4 Nf6 7. Be3 Be7 8. Be2
b6 9. O-O Bb7 10. f3 O-O 11. Kh1 Qc7 12. Qd2 Nbd7 13. Rac1 Rac8 14. Rfd1 Qb8
15. a3 Ne5 16. Na4 Ba8 17. b4 Rfd8 18. Qa2 Ned7 19. Bf1 Re8 20. Qf2 Bd8 21. Nb3
Bc7 22. Qg1 d5 23. c5 dxe4 24. cxb6 Bf4 25. fxe4 Ng4 26. Rxc8 Rxc8 27. Bxf4
Qxf4 28. Rd2 Bxe4 29. Nac5 Nxc5 30. bxc5 Bd5 31. Bxa6 Bxb3 32. Bxc8 Qxd2 33. h3
Nf2+ 34. Kh2 Bd5 35. Ba6 Qf4+ 36. g3 Ng4+ 0-1

[Event "3ème Open de l'Ouest Toulosain "]
[Site "Colomiers 2008"]
[Date "2008.02.26"]
[Round "2.5"]
[White "Abergel, Thal"]
[Black "Garrel, Alain"]
[Result "1-0"]
[WhiteElo "2517"]
[BlackElo "2151"]
[PlyCount "55"]
[EventDate "2008.02.??"]
[EventType "swiss"]
[EventRounds "9"]
[EventCountry "FRA"]

1. d4 Nf6 2. Nf3 b5 3. Bg5 Bb7 4. Nbd2 a6 5. e3 e6 6. a4 b4 7. Bd3 h6 8. Bh4 g5
9. Bg3 c5 10. O-O d5 11. dxc5 Bxc5 12. Ne5 Nc6 13. Qf3 g4 14. Qe2 Nxe5 15. Bxe5
Bd6 16. Bg3 h5 17. Rad1 h4 18. Bxd6 Qxd6 19. e4 Qc6 20. e5 Ne4 21. Bxe4 dxe4
22. Nc4 Ke7 23. Rd6 Qc5 24. Rfd1 Rad8 25. Qxg4 Rxd6 26. Rxd6 Qc7 27. Qg5+ Ke8
28. Qg7 1-0

[Event "3ème Open de l'Ouest Toulosain "]
[Site "Colomiers 2008"]
[Date "2008.02.26"]
[Round "2.6"]
[White "Zarrouati, Pierre"]
[Black "Mateo, Ramon"]
[Result "0-1"]
[WhiteElo "2160"]
[BlackElo "2484"]
[PlyCount "84"]
[EventDate "2008.02.??"]
[EventType "swiss"]
[EventRounds "9"]
[EventCountry "FRA"]

1. c4 c5 2. Nc3 Nc6 3. Nf3 g6 4. d3 Bg7 5. e4 Nh6 6. Be2 d6 7. h3 f5 8. Be3 Nd4
9. Qd2 Nf7 10. Ng5 Ne5 11. f4 Nec6 12. Bd1 O-O 13. O-O e6 14. Rb1 a6 15. a3 Qa5
16. Na2 Qc7 17. b4 h6 18. Nf3 b6 19. Nc3 Bd7 20. Nh4 Be8 21. g4 Qe7 22. Ng2 Bf7
23. Bf2 Qc7 24. Kh1 Rab8 25. Rg1 b5 26. cxb5 axb5 27. gxf5 exf5 28. Ne3 Ne7 29.
Bh4 Rfe8 30. Rc1 Qd7 31. Qg2 cxb4 32. axb4 Rbc8 33. Bh5 Rxc3 34. Rxc3 Ne6 35.
Qg3 fxe4 36. Bxe7 Nxf4 37. Bxg6 Nxg6 38. Rc2 exd3 39. Rf2 Qxe7 40. Rf3 Qe4 41.
Rg2 Re6 42. Qf2 d2 0-1

[Event "3ème Open de l'Ouest Toulosain "]
[Site "Colomiers 2008"]
[Date "2008.02.26"]
[Round "2.7"]
[White "Fomichenko, Eduard"]
[Black "Constantin, David"]
[Result "1-0"]
[WhiteElo "2476"]
[BlackElo "2094"]
[PlyCount "124"]
[EventDate "2008.02.??"]
[EventType "swiss"]
[EventRounds "9"]
[EventCountry "FRA"]

1. Nf3 d5 2. d4 Nf6 3. c4 c6 4. e3 a6 5. Qc2 e6 6. Nbd2 Nbd7 7. Bd3 c5 8. cxd5
exd5 9. O-O Be7 10. b3 O-O 11. Bb2 h6 12. Rfd1 b6 13. Nf1 Bb7 14. Ng3 Re8 15.
Nf5 Bf8 16. Ne5 Rc8 17. Nxd7 Nxd7 18. dxc5 Ne5 19. Qe2 Nxd3 20. Rxd3 bxc5 21.
f4 Rc6 22. e4 d4 23. e5 Rg6 24. Rg3 Qd5 25. Nh4 Rxg3 26. hxg3 Qe4 27. Qxe4 Bxe4
28. Rc1 f6 29. exf6 gxf6 30. Rd1 Kf7 31. Kf2 Ke6 32. Nf3 Kd5 33. g4 Bd6 34. g3
a5 35. Rd2 Bc7 36. Rd1 Bb6 37. Rh1 Rh8 38. Rh5+ Kd6 39. Nd2 Bd3 40. Nc4+ Bxc4
41. bxc4 a4 42. Ba3 Ke6 43. Bxc5 Bxc5 44. Rxc5 Rb8 45. f5+ Ke7 46. Rb5 Rxb5 47.
cxb5 Kd6 48. Ke2 Kc5 49. Kd3 Kxb5 50. Kxd4 Kb4 51. Kd5 Ka3 52. Ke6 Kxa2 53.
Kxf6 Kb3 54. Kg6 a3 55. f6 a2 56. f7 a1=Q 57. f8=Q Qa6+ 58. Kh5 Qb5+ 59. Kxh6
Qc6+ 60. Kg5 Qb5+ 61. Kh4 Qe5 62. Qf3+ Kc2 1-0

[Event "3ème Open de l'Ouest Toulosain "]
[Site "Colomiers 2008"]
[Date "2008.02.26"]
[Round "2.8"]
[White "Cesbron, Guy"]
[Black "Babaev, Rashad"]
[Result "0-1"]
[WhiteElo "2108"]
[BlackElo "2468"]
[PlyCount "66"]
[EventDate "2008.02.??"]
[EventType "swiss"]
[EventRounds "9"]
[EventCountry "FRA"]

1. e4 c5 2. Nc3 d6 3. g3 g6 4. Bg2 Bg7 5. d3 Nc6 6. Be3 e6 7. Qd2 Rb8 8. Nge2
Nd4 9. Nd1 b5 10. c3 Nxe2 11. Qxe2 b4 12. O-O bxc3 13. bxc3 Ne7 14. f4 O-O 15.
Qd2 Qa5 16. Rf2 d5 17. g4 dxe4 18. dxe4 Rd8 19. Qc2 Bd7 20. a4 Nc8 21. f5 exf5
22. Bf4 Nb6 23. Bxb8 Rxb8 24. gxf5 c4 25. Kh1 Be5 26. Qd2 Be8 27. Rf3 Nd7 28.
fxg6 hxg6 29. Qg5 Bxc3 30. Qxa5 Bxa5 31. Ne3 Ne5 32. Rff1 c3 33. Rfd1 Nc6 0-1

[Event "3ème Open de l'Ouest Toulosain "]
[Site "Colomiers 2008"]
[Date "2008.02.26"]
[Round "2.9"]
[White "Libiszewski, Fabien"]
[Black "Faure, Nicolas"]
[Result "1-0"]
[WhiteElo "2468"]
[BlackElo "2068"]
[PlyCount "63"]
[EventDate "2008.02.??"]
[EventType "swiss"]
[EventRounds "9"]
[EventCountry "FRA"]

1. e4 c5 2. Nf3 d6 3. Bc4 e6 4. O-O Nf6 5. Re1 Be7 6. Bb3 O-O 7. c3 Nc6 8. d4
e5 9. h3 Qc7 10. Nbd2 Na5 11. Bc2 c4 12. Nf1 b5 13. b4 cxb3 14. axb3 Bd7 15.
Bd2 Rfc8 16. Ne3 a6 17. dxe5 dxe5 18. Nxe5 Qxe5 19. Rxa5 Bd6 20. Nf1 Bc7 21.
Ra1 Rd8 22. Qe2 Bc6 23. Rad1 Rd7 24. f4 Qc5+ 25. Kh1 Re8 26. Ng3 Nd5 27. Nh5
Re6 28. Qg4 f5 29. Qxf5 Rde7 30. exd5 Bxd5 31. Rxe6 Rxe6 32. Qxh7+ 1-0

[Event "3ème Open de l'Ouest Toulosain "]
[Site "Colomiers 2008"]
[Date "2008.02.26"]
[Round "2.10"]
[White "Troubat, Michael"]
[Black "Kasparov, Sergey"]
[Result "0-1"]
[WhiteElo "2085"]
[BlackElo "2458"]
[PlyCount "46"]
[EventDate "2008.02.??"]
[EventType "swiss"]
[EventRounds "9"]
[EventCountry "FRA"]

1. e4 d5 2. exd5 Qxd5 3. Nc3 Qa5 4. d4 Nf6 5. Bd2 c6 6. Ne4 Qb6 7. Nxf6+ gxf6
8. Bc3 Bf5 9. Bd3 Bxd3 10. Qxd3 Nd7 11. a4 e6 12. Ne2 O-O-O 13. O-O-O h5 14. f4
Bb4 15. Qc4 Bxc3 16. Nxc3 Qc7 17. g3 f5 18. h4 Rhg8 19. Rd3 Rxg3 20. Nb5 Qxf4+
21. Rd2 Kb8 22. Nc3 Nb6 23. Qc5 Qd6 0-1

[Event "3ème Open de l'Ouest Toulosain "]
[Site "Colomiers 2008"]
[Date "2008.02.26"]
[Round "2.13"]
[White "Iwanesko, Alexandre"]
[Black "Collas, Silvia"]
[Result "1-0"]
[WhiteElo "2010"]
[BlackElo "2405"]
[PlyCount "89"]
[EventDate "2008.02.??"]
[EventType "swiss"]
[EventRounds "9"]
[EventCountry "FRA"]

1. e4 c5 2. Nf3 e6 3. d4 cxd4 4. Nxd4 a6 5. f4 d6 6. Bd3 g6 7. Qf3 Bg7 8. Be3
Nf6 9. Nc3 Qc7 10. O-O O-O 11. h3 Nc6 12. Nxc6 bxc6 13. Kh1 Rb8 14. Rab1 c5 15.
Qf2 Nd7 16. f5 Bb7 17. Bg5 Bd4 18. Qh4 c4 19. Be2 f6 20. Bh6 g5 21. Qe1 Rfe8
22. h4 exf5 23. hxg5 fxg5 24. Rxf5 Re5 25. Bxg5 Rxf5 26. exf5 Kh8 27. Rd1 Qc5
28. Qh4 Bxc3 29. bxc3 Qxf5 30. Bg4 Qe5 31. Bxd7 Bxg2+ 32. Kxg2 Rg8 33. Qd4
Rxg5+ 34. Kf2 Qxd4+ 35. Rxd4 Ra5 36. a4 Rh5 37. Rxc4 Rh2+ 38. Ke3 Rxc2 39. Kd3
Rc1 40. Rd4 Kg7 41. Kc4 h5 42. Rxd6 h4 43. Rd3 Kf6 44. Bc8 Ra1 45. Kb4 1-0

[Event "3ème Open de l'Ouest Toulosain "]
[Site "Colomiers 2008"]
[Date "2008.02.26"]
[Round "2.19"]
[White "Devecchi, Jorge"]
[Black "Sanchez Rojo, Gustavo"]
[Result "1-0"]
[WhiteElo "1941"]
[BlackElo "2245"]
[PlyCount "61"]
[EventDate "2008.02.??"]
[EventType "swiss"]
[EventRounds "9"]
[EventCountry "FRA"]

1. e4 c5 2. Nf3 Nc6 3. d4 cxd4 4. Nxd4 e5 5. Nb3 Nf6 6. Nc3 Bb4 7. Bd3 d5 8.
exd5 Nxd5 9. Bd2 Nxc3 10. bxc3 Bd6 11. O-O O-O 12. Qh5 f5 13. Bc4+ Kh8 14. Rad1
Qc7 15. Nc1 b6 16. Bb3 Bb7 17. Ne2 f4 18. f3 Rae8 19. c4 g6 20. Qh4 Bc5+ 21.
Kh1 Qg7 22. Bc3 g5 23. Qe1 g4 24. Ba4 gxf3 25. Rxf3 Nd4 26. Bxe8 Nxf3 27. Qf1
Nxh2 28. Rd7 Qg5 29. Bxe5+ Qxe5 30. Rxb7 Qxe8 $4 31. Qa1+ 1-0

[Event "3ème Open de l'Ouest Toulosain "]
[Site "Colomiers 2008"]
[Date "2008.02.26"]
[Round "3.1"]
[White "Doncea, Vladimir"]
[Black "Miladinovic, Igor"]
[Result "1-0"]
[WhiteElo "2444"]
[BlackElo "2604"]
[PlyCount "115"]
[EventDate "2008.02.??"]
[EventType "swiss"]
[EventRounds "9"]
[EventCountry "FRA"]

1. Nf3 d5 2. c4 d4 3. g3 g6 4. Bg2 Bg7 5. O-O a5 6. Na3 Nh6 7. e3 d3 8. Rb1 c6
9. b3 Na6 10. Bb2 f6 11. Bc3 e5 12. Qc1 Be6 13. Qb2 O-O 14. Rbc1 Nc5 15. Nb1
Nf7 16. Qa3 Re8 17. Ba1 Bf8 18. Qb2 Ra6 19. Ne1 Rb6 20. Qc3 Ra6 21. Qb2 Qd7 22.
Nc3 Bh3 23. f4 Rb6 24. Nd1 Bxg2 25. Kxg2 Bg7 26. fxe5 fxe5 27. Nf2 Ng5 28. Qc3
Ra6 29. Nexd3 Nce4 30. Qc2 c5 31. h4 Nxf2 32. Nxf2 Qc6+ 33. e4 Nf7 34. Ng4 Qd7
35. Ne3 Rd6 36. Nd5 g5 37. hxg5 Rg6 38. Qd3 Nd6 39. Nf6+ Bxf6 40. Rxf6 Rxf6 41.
gxf6 Qe6 42. Rf1 Nf7 43. Rf5 Qc8 44. Qf3 Kh8 45. Qh5 Qd7 46. Bc3 b6 47. Rf1 Rg8
48. Rh1 h6 49. Qxh6+ Nxh6 50. Rxh6+ Qh7 51. Rxh7+ Kxh7 52. Bxe5 Rd8 53. Bc3 Kg6
54. Kf3 Kf7 55. Kf4 Ke6 56. g4 Rh8 57. g5 Rh4+ 58. Kf3 1-0

[Event "3ème Open de l'Ouest Toulosain "]
[Site "Colomiers 2008"]
[Date "2008.02.26"]
[Round "3.2"]
[White "Arutinian, David"]
[Black "Marholev, Dimitar"]
[Result "1-0"]
[WhiteElo "2576"]
[BlackElo "2401"]
[PlyCount "49"]
[EventDate "2008.02.??"]
[EventType "swiss"]
[EventRounds "9"]
[EventCountry "FRA"]

1. d4 Nf6 2. c4 e6 3. Nf3 b6 4. e3 Bb7 5. Nc3 Bb4 6. Bd3 Ne4 7. O-O Bxc3 8.
bxc3 f5 9. Ne1 O-O 10. f3 Ng5 11. Ba3 d6 12. c5 Rf6 13. Qe2 dxc5 14. dxc5 Nd7
15. Rd1 Qc8 16. Bb5 Nxc5 17. Bxc5 bxc5 18. Nd3 Ba6 19. Nxc5 Bxb5 20. Qxb5 Nf7
21. Nd7 Rg6 22. e4 Nd6 23. Qc6 fxe4 24. fxe4 Nf7 25. Rd2 1-0

[Event "3ème Open de l'Ouest Toulosain "]
[Site "Colomiers 2008"]
[Date "2008.02.26"]
[Round "3.4"]
[White "Abbasov, Farid"]
[Black "Leconte, Jean Olivier"]
[Result "1-0"]
[WhiteElo "2519"]
[BlackElo "2316"]
[PlyCount "43"]
[EventDate "2008.02.??"]
[EventType "swiss"]
[EventRounds "9"]
[EventCountry "FRA"]

1. d4 Nf6 2. c4 c5 3. d5 b5 4. Nf3 Bb7 5. Bg5 Ne4 6. Bf4 bxc4 7. Nc3 Qa5 8. Bd2
Nxd2 9. Nxd2 Ba6 10. e4 g6 11. Nxc4 Bxc4 12. Bxc4 Bg7 13. Rc1 O-O 14. O-O d6
15. Qe2 a6 16. f4 Nd7 17. e5 dxe5 18. f5 Rad8 19. d6 exd6 20. Nd5 Kh8 21. Rc3
Nf6 22. Ra3 1-0

[Event "3ème Open de l'Ouest Toulosain "]
[Site "Colomiers 2008"]
[Date "2008.02.26"]
[Round "3.5"]
[White "Nepeina Leconte, Maria"]
[Black "Abergel, Thal"]
[Result "0-1"]
[WhiteElo "2345"]
[BlackElo "2517"]
[PlyCount "78"]
[EventDate "2008.02.??"]
[EventType "swiss"]
[EventRounds "9"]
[EventCountry "FRA"]

1. e4 e5 2. Nc3 Nf6 3. Nf3 d6 4. d4 exd4 5. Nxd4 Be7 6. Bf4 O-O 7. Qd2 a6 8.
O-O-O b5 9. Nd5 Nxd5 10. exd5 Bf6 11. h4 Bb7 12. Nf5 Nd7 13. Rh3 Nb6 14. Ne3
Re8 15. Bd3 Bxb2+ 16. Kxb2 Qf6+ 17. c3 Qxf4 18. Rf3 Qe5 19. Rf5 Qe7 20. Rg5 Bc8
21. Bf5 Qxe3 22. fxe3 Nc4+ 23. Kc2 Nxd2 24. Kxd2 h6 25. Rh5 Re5 26. Bxc8 Rxh5
27. Bb7 Re8 28. g3 Re4 29. Kd3 Rhe5 30. Re1 Ra4 31. Re2 f5 32. h5 Kf7 33. Rf2
Kf6 34. Rf4 Rxa2 35. g4 Ra4 36. gxf5 Rxf4 37. exf4 Rxf5 38. Ke4 Rxh5 39. Bxa6
Rh4 0-1

[Event "3ème Open de l'Ouest Toulosain "]
[Site "Colomiers 2008"]
[Date "2008.02.26"]
[Round "3.6"]
[White "Mateo, Ramon"]
[Black "Peric, Slavisa"]
[Result "1-0"]
[WhiteElo "2484"]
[BlackElo "2258"]
[PlyCount "77"]
[EventDate "2008.02.??"]
[EventType "swiss"]
[EventRounds "9"]
[EventCountry "FRA"]

1. c4 e5 2. Nc3 Nc6 3. g3 Bc5 4. Bg2 d6 5. e3 Bf5 6. d3 Nf6 7. a3 a5 8. Nge2
Qd7 9. h3 h5 10. Nd5 Nxd5 11. cxd5 Ne7 12. e4 Bg6 13. d4 Bb6 14. O-O f5 15.
dxe5 dxe5 16. Bg5 fxe4 17. Nc3 O-O 18. d6 Nc6 19. Qd5+ Bf7 20. Qxe4 cxd6 21.
Nd5 Bd4 22. Rad1 Rae8 23. b4 axb4 24. axb4 Kh8 25. Qh4 Bg6 26. b5 Nd8 27. Ne7
Bh7 28. Be4 Bxe4 29. Qxe4 Qxh3 30. Ng6+ Kg8 31. Bh4 Ne6 32. Qxb7 Qg4 33. Nxf8
Rxf8 34. Qd5 Kh8 35. Qxd6 Rf3 36. Rxd4 exd4 37. b6 Nf4 38. b7 Ne2+ 39. Kh2 1-0